| 000 | 01368cad a22002655a 4500 | ||
|---|---|---|---|
| 001 | L154497 | ||
| 008 | 111215s2011 xxkqr p 0 a0eng u | ||
| 035 | _a(Sirsi) u154497 | ||
| 041 | 0 | _aeng | |
| 100 | 1 | _aSalt, David | |
| 110 | 2 | _aClyde & Co | |
| 245 | 0 | 0 |
_aQatar _bmethods of construction delivery _h[electronic resource] |
| 260 |
_a[S.l.] _bClyde and Co _c2011 |
||
| 520 | _aThe successful World Cup 2022 bid for Qatar will lead to another construction boom; this article looks at some of the advantages and disadvantages of both the common methods of construction delivery in the region and those less commonly used; FIDIC, NEC, partnering, two-stage tendering, guaranteed maximum price, target price, the Build, Operate, Transfer (BOT) and Build, Own, Operate and Transfer (BOOT), framework agreement. | ||
| 590 | _aKA NTK | ||
| 651 | 4 | _aQatar | |
| 651 | 4 | _aMENEA | |
| 690 | _aBUILT ENVIRONMENT-CONSTRUCTION MANAGEMENT | ||
| 690 | _aBUILT ENVIRONMENT-CONSTRUCTION MANAGEMENT-BUILDING CONTRACT ADMINISTRATION | ||
| 690 |
_aProcurement _96260 |
||
| 690 | _aBUILT ENVIRONMENT-BUILDING CONTRACT FORMS-STANDARD FORMS OF BUILDING CONTRACT | ||
| 700 | 1 | _aWarren, Laura | |
| 856 | 4 | 0 |
_uhttps://www.mondaq.com/x/153936/Building+Construction/Methods+Of+Construction+Delivery&email_access=on _zView the article free of charge at www.mondaq.com |
| 942 | _n0 | ||
| 999 |
_c113012 _d113012 |
||